[Event "Pfalz-ch Seniors 86th"]
[Site "Wolfstein"]
[Date "2017.04.08"]
[Round "2"]
[White "Janzer, Hans"]
[Black "Horn, Heinrich"]
[Result "1-0"]
[WhiteElo "2191"]
[BlackElo "1773"]
[PlyCount "55"]
[EventDate "2017.04.07"]
[EventType "swiss"]
[EventRounds "7"]
[EventCountry "GER"]
[SourceTitle "EXT 2018"]
[Source "ChessBase"]
[SourceDate "2017.10.13"]
[SourceVersion "1"]
[SourceVersionDate "2017.10.13"]
[SourceQuality "1"]

1. e4 e6 2. d4 d5 3. Nc3 dxe4 4. Nxe4 Nf6 5. Nxf6+ Qxf6 6. Nf3 Qd8 7. Bd3 Be7 8. Be3 Nd7 9. Qe2 c6 10. 0-0-0 Qc7 11. h4 h6 12. c4 b6 13. g4 Bb7 14. g5 h5 15. g6 f6 16. Bd2 Nf8 17. Rhe1 0-0-0 18. Kb1 Bd6 19. Bc3 Kb8 20. Nd2 Bc8 21. Ne4 Be7 22. Ng3 f5 23. Nxf5 Nxg6 24. Nxe7 Nxe7 25. d5 Kb7 26. Bxg7 Rhe8 27. Be5 Qd7 28. dxc6+ 1-0

[Event "Zweibruecken PSB-ch Seniors 82nd"]
[Site "Zweibruecken"]
[Date "2013.03.30"]
[Round "2"]
[White "Hiller, Joachim"]
[Black "Horn, Heinrich"]
[Result "0-1"]
[WhiteElo "1891"]
[BlackElo "1834"]
[PlyCount "149"]
[EventDate "2013.??.??"]
[EventType "tourn"]
[EventRounds "6"]
[EventCountry "GER"]
[SourceTitle "EXT 2014"]
[Source "ChessBase"]
[SourceDate "2013.11.20"]
[SourceVersion "1"]
[SourceVersionDate "2013.11.20"]
[SourceQuality "1"]

1. d4 d5 2. Nf3 Nc6 3. c4 Bg4 4. Nc3 e6 5. cxd5 exd5 6. Bg5 Be7 7. Bxe7 Ngxe7 8. e3 0-0 9. Be2 h6 10. 0-0 Bf5 11. Qa4 a6 12. b4 Qd6 13. Qb3 Qxb4 14. Nxd5 Qxb3 15. Nxe7+ Nxe7 16. axb3 c6 17. Ne5 Rad8 18. Nd3 Bxd3 19. Bxd3 Nd5 20. Rfc1 g6 21. g3 Kg7 22. Be2 Nf6 23. f3 Rfe8 24. Kf2 Rd6 25. Ra4 Red8 26. Rac4 R8d7 27. Rd1 h5 28. h4 Rd8 29. Bf1 Nd5 30. Rc2 Ne7 31. Bh3 f5 32. Ke2 Nd5 33. e4 fxe4 34. fxe4 Ne7 35. d5 cxd5 36. Rc7 Kf8 37. Rf1+ Ke8 38. e5 Rb6 39. Rf6 Rxf6 40. exf6 Nf5 41. Kd3 Rd7 42. Rxd7 Kxd7 43. g4 hxg4 44. Bxg4 Ke6 45. Bf3 b6 46. f7 Kxf7 47. Bxd5+ Kf6 48. Bb7 a5 49. Bh1 Ke5 50. Bc6 Kd6 51. Be8 Nxh4 52. Kd4 g5 53. Kc4 Kc7 54. Bh5 Nf5 55. Kc3 Kd6 56. Kc4 g4 57. Kd3 g3 58. Ke2 Nd4+ 59. Kf1 Nxb3 60. Kg2 Kc5 61. Kxg3 Kc4 62. Kf2 Kd4 63. Ke2 Kc3 64. Be8 Nd4+ 65. Kd1 b5 66. Kc1 a4 67. Kb1 a3 68. Ka2 b4 69. Bf7 Ne2 70. Bg8 Nc1+ 71. Kb1 b3 72. Ka1 Ne2 73. Bf7 Nd4 74. Bg6 Nc2+ 75. Kb1 0-1

[Event "Zweibruecken PSB-ch Seniors 82nd"]
[Site "Zweibruecken"]
[Date "2013.03.23"]
[Round "1"]
[White "Ortinau, Helmut"]
[Black "Horn, Heinrich"]
[Result "1-0"]
[WhiteElo "2067"]
[BlackElo "1834"]
[PlyCount "109"]
[EventDate "2013.??.??"]
[EventType "tourn"]
[EventRounds "6"]
[EventCountry "GER"]
[SourceTitle "EXT 2014"]
[Source "ChessBase"]
[SourceDate "2013.11.20"]
[SourceVersion "1"]
[SourceVersionDate "2013.11.20"]
[SourceQuality "1"]

1. c4 e5 2. Nc3 d6 3. d4 exd4 4. Qxd4 Nc6 5. Qd2 Nf6 6. b3 Be7 7. Bb2 0-0 8. g3 Be6 9. Bg2 Qd7 10. Nd5 Bxd5 11. cxd5 Ne5 12. f4 Ng6 13. e4 Bd8 14. Ne2 Re8 15. Qd4 Qe7 16. 0-0-0 Qf8 17. h4 Nd7 18. h5 Nh8 19. h6 Bf6 20. hxg7 Qxg7 21. Qd2 Bxb2+ 22. Qxb2 Qxb2+ 23. Kxb2 Ng6 24. Rh6 Kg7 25. Rdh1 Rh8 26. Nd4 a6 27. Nf5+ Kg8 28. Rc1 Nc5 29. Kc3 Re8 30. Kd4 a5 31. e5 b6 32. Re1 Ne7 33. Bh3 Nxf5+ 34. Bxf5 dxe5+ 35. fxe5 Kg7 36. Reh1 Re7 37. Rxh7+ Rxh7 38. Rxh7+ Kg8 39. g4 Nd7 40. e6 Nf6 41. Rh6 Kg7 42. g5 Ne8 43. Rh7+ Kf8 44. Ke5 Nd6 45. Rh8+ Kg7 46. Rh7+ Kf8 47. Rh2 Kg7 48. Rc2 Kf8 49. Rc6 Ne8 50. Bg4 Kg7 51. Bh5 f6+ 52. Kf5 fxg5 53. Bxe8 Rxe8 54. Rxc7+ Kh6 55. d6 1-0

[Event "RLP-ch Seniors 27th"]
[Site "Hoeheinoed"]
[Date "2008.06.29"]
[Round "1"]
[White "Minz, Michail"]
[Black "Horn, Heinrich"]
[Result "1-0"]
[WhiteElo "2147"]
[BlackElo "1867"]
[PlyCount "57"]
[EventDate "2008.06.29"]
[EventType "swiss"]
[EventRounds "7"]
[EventCountry "GER"]
[SourceTitle "EXT 2009"]
[Source "ChessBase"]
[SourceDate "2008.11.26"]
[SourceVersion "1"]
[SourceVersionDate "2008.11.26"]
[SourceQuality "1"]

1. e4 c6 2. d4 d5 3. exd5 cxd5 4. Bd3 Nc6 5. c3 Nf6 6. Bf4 e6 7. Nf3 Be7 8. Nbd2 h6 9. 0-0 a6 10. Ne5 Nxe5 11. Bxe5 Bd6 12. f4 Be7 13. Qe2 Bd7 14. Rae1 0-0 15. Nf3 Re8 16. Bxf6 Bxf6 17. Ne5 Rc8 18. Qh5 Rf8 19. Nxd7 Qxd7 20. g4 g6 21. Qxh6 Bg7 22. Qh4 f5 23. gxf5 gxf5 24. Rf2 Rf7 25. Rg2 Kf8 26. Rg6 Re8 27. Kh1 Ree7 28. Reg1 Ke8 29. Rxg7 1-0

[Event "Pfalz-ch Seniors 75th"]
[Site "Kaiserslautern"]
[Date "2006.04.14"]
[Round "6"]
[White "Frantzke, Helmut"]
[Black "Horn, Heinrich"]
[Result "1-0"]
[WhiteElo "1791"]
[BlackElo "1885"]
[PlyCount "63"]
[EventDate "2006.04.07"]
[EventType "swiss"]
[EventRounds "7"]
[EventCountry "GER"]
[SourceTitle "EXT 2007"]
[Source "ChessBase"]
[SourceDate "2006.11.23"]
[SourceVersion "1"]
[SourceVersionDate "2006.11.23"]
[SourceQuality "1"]

1. Nf3 Nf6 2. d3 d5 3. g3 Nc6 4. Bg2 e5 5. Nbd2 Be7 6. 0-0 0-0 7. Re1 Bg4 8. h3 Be6 9. e4 d4 10. Ng5 Bd7 11. f4 h6 12. Ngf3 Bd6 13. Nc4 Re8 14. a4 a6 15. f5 Bb4 16. Rf1 b5 17. axb5 axb5 18. Rxa8 Qxa8 19. Ncd2 Be7 20. g4 Nh7 21. h4 Qd8 22. Qe1 Bf6 23. Nb3 Be7 24. Bd2 f6 25. Qg3 Nb4 26. Na1 Na6 27. g5 fxg5 28. hxg5 Bxg5 29. Bxg5 Nxg5 30. Nxe5 Nf7 31. Nxf7 Kxf7 32. Qg6+ 1-0